Elements of architecture. From form to place + tectonics.
Shranjeno v:
| Glavni avtor: | |
|---|---|
| Drugi avtorji: | |
| Format: | Neznan |
| Izdano: |
Lausanne, Switzerland:
EPFL Press,
2013.
|
| Izdaja: | 2nd edition. |
| Teme: | |
| Oznake: |
Označite
Brez oznak, prvi označite!
|
MARC
| LEADER | 00000 a2200000 4500 | ||
|---|---|---|---|
| 003 | CL-VaPUC | ||
| 005 | 20231108122640.0 | ||
| 008 | 231024t2013 ||||| |||| 00| 0 eng d | ||
| 999 | |c 441965 |d 441963 | ||
| 020 | |a 978-2940222698 | ||
| 040 | |c Pontificia Universidad Católica de Valparaíso | ||
| 082 | 7 | |2 22 |a 720.1 MEI 2013 | |
| 100 | |a Meiss, Pierre von |9 884877 |e author | ||
| 245 | |a Elements of architecture. |b From form to place + tectonics. | ||
| 250 | |a 2nd edition. |b New translation reworked with revisions and additional content. | ||
| 260 | |a Lausanne, Switzerland: |b EPFL Press, |c 2013. | ||
| 300 | |a 383 páginas : |b ilustraciones. | ||
| 583 | |k GC |c 20231024 | ||
| 650 | |a Espacio (Arquitectura) |9 885294 | ||
| 650 | 0 | |a Diseño arquitectónico |9 265271 | |
| 650 | 0 | |a Arquitectura |x Composición |9 885295 | |
| 700 | |a Hakola,Theo |e translator |9 885296 | ||
| 942 | |2 ddc |c BK | ||
| 952 | |0 0 |1 0 |2 ddc |4 0 |6 720_100000000000000_MEI_2013 |7 0 |8 A |9 592093 |a BIBARQ |b BIBARQ |c GEN |d 2023-10-23 |e 59 |g 84000.00 |i 5659131 |l 1 |m 4 |o 720.1 MEI 2013 |p 5659131 |r 2025-04-14 |s 2024-01-19 |t 1 |v 84000.00 |w 2023-10-23 |y BK |k ARQ | ||